Statistics for Perfect pokemon

Click here to take the quiz!

General Stats

  • This quiz has been taken 1,514 times
    (968 since last reset)
  • The average score is 64 of 115

Answer Stats

Type1 Type2 Answer % Correct
IceFlyingArticuno
89%
FireFlyingMoltres
88%
ElectricFlyingZapdos
88%
PsychicMew
87%
PsychicMewtwo
86%
RockFlyingAerodactyl
77%
PsychicFlyingLugia
77%
FireFlyingHo-Oh
76%
WaterIceLapras
75%
GroundGroudon
73%
PsychicGrassCelebi
73%
FireEntei
73%
WaterSuicune
72%
WaterKyogre
71%
ElectricRaikou
71%
DragonFlyingRayquaza
71%
NormalFlyingFarfetch'd
71%
BugPinsir
71%
SteelRegisteel
68%
IceRegice
68%
NormalTauros
68%
WaterDragonPalkia
68%
RockRegirock
68%
SteelDragonDialga
68%
DragonPsychicLatias
67%
DragonPsychicLatios
67%
SteelFlyingSkarmory
66%
GhostDragonGiratina
66%
SteelPsychicJirachi
64%
BugFightingHeracross
64%
DarkDarkrai
63%
DragonElectricZekrom
63%
PsychicDeoxys
63%
NormalRegigigas
62%
NormalArceus
62%
NormalDitto
62%
DragonFireReshiram
62%
FireSteelHeatran
61%
NormalKangaskhan
60%
DarkGhostSableye
59%
PsychicAzelf
59%
ElectricGhostRotom
58%
PsychicUxie
58%
PsychicFireVictini
58%
WaterManaphy
58%
RockPsychicSolrock
57%
PsychicMesprit
57%
PsychicCresselia
57%
WaterPhione
57%
GrassShaymin
57%
IceFlyingDelibird
57%
RockPsychicLunatone
57%
NormalPsychicGirafarig
56%
DragonIceKyurem
56%
SteelMawile
55%
FairyXerneas
55%
ElectricPlusle
55%
ElectricMinun
55%
GhostDarkSpiritomb
55%
GrassFlyingTropius
55%
FlyingTornadus
54%
DarkFlyingYveltal
54%
GroundFlyingLandorus
54%
BugRockShuckle
53%
WaterFightingKeldeo
53%
DragonGroundZygarde
53%
GrassFightingVirizion
52%
ElectricFlyingThundurus
51%
RockFightingTerrakion
51%
SteelFightingCobalion
51%
BugSteelGenesect
51%
RockFairyDiancie
50%
NormalMiltank
50%
WaterRockCorsola
50%
DarkAbsol
49%
WaterPoisonQwilfish
49%
ElectricFlyingEmolga
49%
NormalPsychicMeloetta
48%
FireWaterVolcanion
48%
FireTorkoal
48%
PoisonSeviper
48%
PsychicGhostHoopa
48%
WaterRockRelicanth
48%
ElectricPachirisu
47%
NormalZangoose
47%
ElectricFairyDedenne
46%
DragonDruddigon
45%
PsychicUnown
45%
FightingSawk
45%
BugIllumise
45%
FightingFlyingHawlucha
45%
BugVolbeat
45%
RockFairyCarbink
44%
FightingThroh
44%
NormalDunsparce
44%
WaterLuvdisc
44%
NormalStantler
44%
BugSteelDurant
43%
ElectricGroundStunfisk
42%
SteelFairyKlefki
42%
NormalSmeargle
41%
PsychicFlyingSigilyph
40%
FireHeatmor
40%
NormalSpinda
40%
IceCryogonal
39%
NormalCastform
37%
NormalFlyingChatot
36%
WaterAlomomola
36%
NormalKecleon
35%
NormalAudino
35%
GrassCarnivine
34%
GrassMaractus
33%
WaterBasculin
32%
NormalFurfrou
29%
NormalBouffalant
29%

Score Distribution

Percentile by Number Answered

Percent of People with Each Score

Your Score History

You have not taken this quiz since the last reset